000
00495nam a2200157Ia 4500
008
151213s9999 xx 000 0 und d
100
_a
বড. মো: নূরল হক।
245
_a
ভূমি আইন ও আলোচনা।
_c
বড. মো: নূরল হক।
250
_a
২য় সং
260
_a
ঢাকা
_b
‘ল’ বুক
_c
1998
300
_a
2869 p.
650
_a
Law
650
_a
Law
700
_a
বড. মো: নূরল হক।
999
_c
1971
_d
1971